01041 2200325 4500001002100000005001500021035002000036007000300056008004100059040002200100082001200122084001200134090001400146245010600160250002600266300002900292650002200321850001200343710007800355264008800433336002100521337003000542338002300572990002000595990002000615990002000635990002000655990002000675990002000695INLIS00000000089079020240927110530 a0010-0924000440ta240927s2022 yoi g ind d aYOPDYOGbinderda 223a808 a808 SER aL 808 SER00aSerat rama duryapura :balih aksara /cDinas Perpustakaan dan Arsip Daerah Daerah Istimewa Yogyakarta aCetakan pertama, 2022 aiv, 152 halaman ;c22 cm 4aKesusastraan Jawa aYOPDYOG2 aDinas Perpustakaan dan Arsip Daerah Daerah Istimewa Yogyakartaepengarang31aYogyakarta :bDinas Perpustakaan dan Arsip Daerah Daerah Istimewa Yogyakarta,c2022 2rdacontentateks 2rdamediaatanpa perantara 2rdacarrieravolume a72865-PD/A.2024 a72867-PD/A.2024 a72865-PD/A.2024 a72866-PD/A.2024 a72865-PD/A.2024 a72867-PD/A.2024